The DK nature encyclopedia. (Record no. 112224)
[ view plain ]
| 000 -LEADER | |
|---|---|
| fixed length control field | 00553nam a2200169 a 4500 |
| 005 - DATE AND TIME OF LATEST TRANSACTION | |
| control field | 20140414131931.0 |
| 008 - FIXED-LENGTH DATA ELEMENTS--GENERAL INFORMATION | |
| fixed length control field | 101207s19uu xx 00 eng d |
| 050 ## - LIBRARY OF CONGRESS CALL NUMBER | |
| Classification number | REF 508 |
| Item number | D65 1998 |
| 245 ## - TITLE STATEMENT | |
| Title | The DK nature encyclopedia. |
| 250 ## - EDITION STATEMENT | |
| Edition statement | 1st American ed. |
| 260 ## - PUBLICATION, DISTRIBUTION, ETC. (IMPRINT) | |
| Place of publication, distribution, etc | New York : |
| Name of publisher, distributor, etc | Dorling Kindersley, |
| Date of publication, distribution, etc | 1998. |
| 300 ## - PHYSICAL DESCRIPTION | |
| Extent | 304 p. : col. ill. ; 29 cm. |
| 500 ## - GENERAL NOTE | |
| General note | Covers the processes and life forms of the natural world from A to Z |
| 650 ## - SUBJECT ADDED ENTRY--TOPICAL TERM | |
| Topical term or geographic name as entry element | Nature |
| General subdivision | Encyclopedias, Juvenile. |
| 650 ## - SUBJECT ADDED ENTRY--TOPICAL TERM | |
| Topical term or geographic name as entry element | Natural history |
| General subdivision | Encyclopedias. |
| Withdrawn status | Lost status | Damaged status | Home library | Current library | Shelving location | Date acquired | Total Checkouts | Full call number | Barcode | Date last seen | Price effective from | Koha item type |
|---|---|---|---|---|---|---|---|---|---|---|---|---|
| Munich Library | Munich Library | Reference Section | 12/07/2010 | REF 508 D65 1998 | M3438 | 04/14/2014 | 04/14/2014 | Books |